| 000 | 00411nam a22001697a 4500 | ||
|---|---|---|---|
| 005 | 20260509142404.0 | ||
| 008 | 160618b xxu||||| |||| 00| 0 eng d | ||
| 020 | _a1-86508-231-7 | ||
| 041 | _aeng | ||
| 082 | _a659.1 | ||
| 100 |
_aSutherland, Jonethan and others _92213 |
||
| 245 | _aAdvertising and the mind of the Consumer | ||
| 260 | _bviva books | ||
| 300 | _a303 | ||
| 650 | _aManagement | ||
| 942 | _cBK | ||
| 999 |
_c3134 _d3133 |
||